ICPS : Institut de Ciències Polítiques i Socials : Investigación, Análisis, Docencia Investigación, Análisis, Docencia
Descripción Física:
1 tríptic ; il. col. ; 10 x 21 cm
Materias:
Institut de Ciències Polítiques i Socials (Barcelona, Catalunya) -- Ensenyament universitari (Postgrau)
; Ciències polítiques -- Ensenyament universitari (Postgrau)
Idioma:
Catalán , Español
MARC
| LEADER | 00000nam a22000007a 4500 | ||
|---|---|---|---|
| 001 | 27516 | ||
| 003 | Arxiu | ||
| 005 | 20260324181155.0 | ||
| 008 | 230314b spa||||| |||| 00| 0 cat d | ||
| 017 | |a B 14938-2022 | ||
| 040 | |a agdb |b cat | ||
| 041 | |a spa | ||
| 110 | 2 | |a Institut de Ciències Polítiques i Socials (Barcelona, Catalunya) |9 55871 | |
| 245 | |a ICPS : Institut de Ciències Polítiques i Socials : |b Investigación, Análisis, Docencia | ||
| 250 | |a Juliol 2022 | ||
| 260 | |a Barcelona : |b ICPS ; |c 2022 | ||
| 300 | |a 1 tríptic ; |b il. col. ; |c 10 x 21 cm | ||
| 610 | 0 | |9 55967 |a Institut de Ciències Polítiques i Socials (Barcelona, Catalunya) |x Ensenyament universitari (Postgrau) | |
| 650 | 0 | |9 55968 |a Ciències polítiques |x Ensenyament universitari (Postgrau) | |
| 710 | |9 17832 |a Universitat Autònoma de Barcelona | ||
| 710 | 1 | |a Barcelona (Catalunya : Província). |b Diputació |9 52408 | |
| 942 | |2 udc |c ARXIU |n 1 | ||
| 952 | |0 0 |1 0 |2 udc |4 0 |6 FU74143 |7 1 |9 65603 |a Arxiu |b Arxiu |d 2023-03-14 |l 0 |o FU-74-143 |p 27516 |r 2023-03-14 00:00:00 |w 2023-03-14 |y ARXIU | ||
| 999 | |c 83187 |d 83187 | ||